[Event "Druzynowe Mistrzostwa Polski Juniorow - Ekstraliga"]
[Site "Osrodek Wczasowo - Szkoleniowy "Relax" ul. Stroma 20, 43-450 Ustron"]
[Date "2011-06-27"]
[Round "2.25"]
[White "Dragun, Kamil"]
[Black "Kanarek, Marcel"]
[Result "0-1"]
[WhiteTitle "IM"]
[BlackTitle "IM"]
[WhiteElo "2420"]
[BlackElo "2435"]

1. e4 c5 2. Nf3 d6 3. d4 cxd4 4. Nxd4 Nf6 5. Nc3 a6 6. Bg5 e6 7. f4 h6 8. Bh4 Qb6
9. Qd2 Qxb2 10. Rb1 Qa3 11. f5 Be7 12. fxe6 fxe6 13. Be2 O-O 14. O-O Nc6 15. Nxc6
bxc6 16. Rb3 Qa5 17. Kh1 Qc7 18. e5 Nd5 19. Rxf8+ Bxf8 20. exd6 Bxd6 21. Ne4 Bf4
22. Qd3 Be5 23. Bg4 c5 24. c4 Nf4 25. Qc2 Bd7 26. Qb1 Bc6 27. Bg3 Kh8 28. Bf3
Rf8 29. Rb6 Bxe4 30. Bxe4 Ne2 31. Rb7 Qd6 32. Bxe5 Qxe5 33. Bd3 Nc3 34. Qg1 Nxa2
35. Rb1 Nb4 36. Bg6 Qg5 37. Be4 Qe5 38. Bg6 Rf6 39. Re1 Qd4 40. Qxd4 cxd4 41.
Be4 d3 42. g3 Rf2 43. Rd1 d2 44. c5 Re2 45. Bf3 Re1+ 46. Kg2 Rxd1 47. Bxd1 Kg8
48. Kf1 Nd5 49. Ba4 Kf7 0-1

[Event "Druzynowe Mistrzostwa Polski Juniorow - Ekstraliga"]
[Site "Osrodek Wczasowo - Szkoleniowy "Relax" ul. Stroma 20, 43-450 Ustron"]
[Date "2011-06-27"]
[Round "2.26"]
[White "Weichhold, Pawel"]
[Black "Siwiec, Arkadiusz"]
[Result "1-0"]
[WhiteTitle "k+"]
[BlackTitle "I++"]
[WhiteElo "2285"]
[BlackElo "2123"]

1. e4 c5 2. Nf3 d6 3. d4 cxd4 4. Nxd4 Nf6 5. Nc3 a6 6. Bg5 e6 7. f4 Be7 8. Qf3
Qc7 9. O-O-O Nbd7 10. g4 h6 11. Bxf6 Bxf6 12. h4 Qb6 13. Nde2 Nc5 14. g5 Be7 15.
Nd4 Bd7 16. Rg1 hxg5 17. hxg5 Na4 18. Nxa4 Bxa4 19. g6 O-O-O 20. Bh3 Bf6 21. Nb3
Bd7 22. gxf7 Rdf8 23. e5 dxe5 24. fxe5 Bxe5 25. Rge1 Rxh3 26. Qxh3 Bf4+ 27. Kb1
Rxf7 28. Qh5 Re7 29. Qg6 Be8 30. Qh7 e5 31. Nd4 Bg6 32. Qh8+ Re8 33. Qh4 Qf6 34.
Qh3+ Kb8 35. Ne2 Bf5 36. Qb3 g5 37. Nc3 e4 38. Qa4 Qc6 39. Qa5 Bc8 40. Nd5 e3
41. Rd3 e2 42. Nxf4 gxf4 43. Qd2 Qe4 44. Rd4 Qe3 45. Qxe3 Rxe3 46. Rxf4 Bh3 47.
Kc1 Bf1 48. Rf7 Re6 49. Rd7 Kc8 50. Rd4 Kc7 51. Kd2 Kc6 52. c3 b6 53. Rc1 a5 54.
Ke1 Bg2 55. Rf4 Bd5 56. b3 Bg2 57. Rc2 Bf1 58. Rf3 Rg6 59. Re3 Rh6 60. Rd2 Rg6
61. Rd4 Rf6 62. Rde4 Kb7 63. Re7+ Ka6 64. Rd7 a4 65. bxa4 Rc6 66. Ree7 1-0

[Event "Druzynowe Mistrzostwa Polski Juniorow - Ekstraliga"]
[Site "Osrodek Wczasowo - Szkoleniowy "Relax" ul. Stroma 20, 43-450 Ustron"]
[Date "2011-06-27"]
[Round "2.27"]
[White "Koitka, Jakub"]
[Black "Lebiedowicz, Borys"]
[Result "1-0"]
[WhiteTitle "I"]
[BlackTitle "II"]
[WhiteElo "1920"]
[BlackElo "1682"]

1. e4 e5 2. Nf3 Nc6 3. Bc4 Nf6 4. d3 Bc5 5. c3 O-O 6. O-O d5 7. exd5 Nxd5 8. Re1
Nb6 9. Bb3 Bg4 10. h3 Bh5 11. Bc2 f5 12. Nbd2 Qf6 13. Nf1 Qg6 14. b4 Bd6 15. Ng3
a5 16. b5 Na7 17. a4 Rae8 18. Bb3+ Kh8 19. Nxh5 Qxh5 20. Ng5 Qg6 21. Qc2 c6 22.
Qa2 Re7 23. Be3 Nac8 24. Nf3 c5 25. Rad1 Nd7 26. Bc1 h6 27. Qe2 Qf6 28. Qc2 b6
29. Bd5 Qg6 30. Qe2 Nf6 31. Nh4 Qe8 32. Bc6 Qh5 33. Qxh5 Nxh5 34. Ng6+ Kg8 35.
Bd5+ Ref7 36. Nxf8 Kxf8 37. Bxf7 Kxf7 38. c4 g5 39. g3 Ng7 40. Bb2 Ne6 41. Bxe5
Bxe5 42. Rxe5 Nd4 43. Kg2 g4 44. hxg4 fxg4 45. Rh1 Kg6 46. Re8 Nd6 47. Rb8 1-0

[Event "Druzynowe Mistrzostwa Polski Juniorow - Ekstraliga"]
[Site "Osrodek Wczasowo - Szkoleniowy "Relax" ul. Stroma 20, 43-450 Ustron"]
[Date "2011-06-27"]
[Round "2.28"]
[White "Januszkiewicz, Wojciech"]
[Black "Delekta, Filip"]
[Result "1/2-1/2"]
[WhiteTitle "II"]
[BlackTitle "II+"]
[WhiteElo "1749"]
[BlackElo "1848"]

1. e4 c5 2. Nf3 e6 3. d4 cxd4 4. Nxd4 Nc6 5. Nc3 Qc7 6. Be3 a6 7. Bd3 b5 8. O-O
Bb7 9. Qe2 b4 10. Na4 Nf6 11. f3 h5 12. c3 Bd6 13. f4 Nxd4 14. Bxd4 Bxf4 15. e5
Nd5 16. c4 d6 17. cxd5 dxe5 18. Be3 Bxd5 19. Nb6 Rd8 20. Nxd5 Rxd5 21. Rac1 Qb8
22. Bxa6 O-O 23. Bc4 Ra5 24. Bxf4 exf4 25. Qe4 Rf5 26. Rcd1 Qc7 27. a3 Rc8 28.
Bd3 bxa3 29. bxa3 g5 30. a4 Rd8 31. Rc1 Qa7+ 32. Kh1 Rd4 33. Rc8+ Kg7 34. Qe2
Rfd5 35. Bb1 g4 36. Qc2 Qa6 37. Qh7+ Kf6 38. Qh8+ Ke7 39. Re8+ Kd7 40. Rd8+ Kc7
41. Rc1+ Rc4 42. Rxc4+ Qxc4 43. Rc8+ Kb7 44. Rb8+ Ka7 45. Ra8+ Kb7 46. Qb8+ Kc6
47. Qc8+ Kd6 48. Qd8+ Ke5 49. Qg5+ Kd6 50. Qd8+ Ke5 51. Qg5+ Kd6 52. Qd8+ Ke5
1/2-1/2

[Event "Druzynowe Mistrzostwa Polski Juniorow - Ekstraliga"]
[Site "Osrodek Wczasowo - Szkoleniowy "Relax" ul. Stroma 20, 43-450 Ustron"]
[Date "2011-06-27"]
[Round "2.29"]
[White "Wisniowska, Klaudia"]
[Black "Adamowicz, Katarzyna"]
[Result "1/2-1/2"]
[WhiteTitle "k"]
[BlackTitle "WFM"]
[WhiteElo "2022"]
[BlackElo "2106"]

1. e4 c5 2. Nf3 e6 3. d4 cxd4 4. Nxd4 a6 5. Nc3 Qc7 6. g3 b5 7. Bg2 Bb7 8. O-O
Nf6 9. Re1 d6 10. a4 bxa4 11. Nd5 exd5 12. exd5+ Kd8 13. Bg5 Nbd7 14. Qe2 Qb6
15. Rxa4 Qxb2 16. Nc6+ Kc7 17. Rb4 Qa2 18. Reb1 Nc5 19. R4b2 Qa4 20. Rb4 Qa3 21.
Bc1 Qa2 22. R4b2 Qa4 23. Rb4 Qa2 24. R4b2 Qa4 25. Rb4 Qa2 26. R4b2 1/2-1/2

[Event "Druzynowe Mistrzostwa Polski Juniorow - Ekstraliga"]
[Site "Osrodek Wczasowo - Szkoleniowy "Relax" ul. Stroma 20, 43-450 Ustron"]
[Date "2011-06-27"]
[Round "2.30"]
[White "Czaplewska, Klara"]
[Black "Gora, Antonina"]
[Result "1-0"]
[WhiteTitle "I"]
[BlackTitle "II+"]
[WhiteElo "1586"]
[BlackElo "1667"]

1. d4 d5 2. c4 e6 3. Nf3 Nf6 4. g3 Be7 5. Bg2 O-O 6. O-O Nbd7 7. Qc2 a5 8. b3 c6
9. Nbd2 b6 10. e4 dxe4 11. Nxe4 Nxe4 12. Qxe4 Bb7 13. Bf4 Nf6 14. Qe2 Qc8 15.
Rfe1 Rd8 16. Rad1 Bb4 17. Rf1 c5 18. Bg5 Ne4 19. Bxd8 Nc3 20. Qd3 Be4 21. Qe3
Nxd1 22. Rxd1 Bc2 23. Rc1 Qxd8 24. Rxc2 Rc8 25. Re2 Qd7 26. d5 1-0